Départements d'Île-de-France (carte) - Statistiques

Statistiques générales
  • Ce quiz a été pris 9 895 fois
  • Le résultat moyen est 6 sur 8
Réponses sur la Carte
Les réponses sont colorées sur une échelle allant du rouge au vert en fonction du pourcentage des utilisateurs qui les ont devinées à leur premier essai. Vous pouvez retrouver ces pourcentages ci-dessous.
 
Statistiques - réponses
Départements % Correct
75 Paris
98%
93 Seine-Saint-Denis
87%
78 Yvelines
81%
77 Seine-et-Marne
77%
91 Essonne
73%
92 Hauts-de-Seine
68%
94 Val-de-Marne
66%
95 Val-d'Oise
66%
Aucun quiz correspondant
Distribution des résultats
% des personnes avec chaque résultat
Percentile par nombre de réponses
Votre historique - résultats
Vous n’avez pas pris ce quiz